Città e Regioni - Quiz n°11 - Statistics

Statistiche generali
  • Questo quiz è stato fatto 60 volte
  • Il punteggio medio è 9 su 10
Statistiche sulle risposte
Hint Risposta % Corretto
Potenza Basilicata
98%
Cosenza Calabria
95%
Pinerolo Piemonte
95%
Lodi Lombardia
93%
Torre Annunziata Campania
91%
Novara Piemonte
86%
Carbonia Sardegna
84%
Palmi Calabria
74%
Angri Campania
70%
Scafati Campania
70%
Nessun quiz corrispondente trovato
Distribuzione punteggi
Percentuale di utenti per punteggio
Percentile per numero di risposta
I tuoi punteggi nel tempo
Non hai fatto questo quiz